Understanding communist China : Communist China studies in the United States and the Republic of China, 1949-1978
Saved in:
| Main Author: | |
|---|---|
| Format: | Book |
| Language: | Undetermined |
| Published: |
Stanford
Hoover Institution Press, Stanford University
1986
|
| Subjects: | |
| Tags: |
Add Tag
No Tags, Be the first to tag this record!
|
| Institutions: | Trung tâm Học liệu Trường Đại học Cần Thơ |
|---|
| LEADER | 00644nam a2200205Ia 4500 | ||
|---|---|---|---|
| 001 | CTU_90359 | ||
| 008 | 210402s9999 xx 000 0 und d | ||
| 082 | |a 951 | ||
| 082 | |b K96 | ||
| 100 | |a Kuo, Tai-Chun | ||
| 245 | 0 | |a Understanding communist China : | |
| 245 | 0 | |b Communist China studies in the United States and the Republic of China, 1949-1978 | |
| 245 | 0 | |c Tai-Chun Kuo and Ramon H. Myers | |
| 260 | |a Stanford | ||
| 260 | |b Hoover Institution Press, Stanford University | ||
| 260 | |c 1986 | ||
| 650 | |a Study and teaching | ||
| 650 | |z China | ||
| 904 | |i Bằng,Hải | ||
| 980 | |a Trung tâm Học liệu Trường Đại học Cần Thơ | ||